| 000 | 00382pab a2200157 454500 | ||
|---|---|---|---|
| 008 | 180718b2009 xxu||||| |||| 00| 0 eng d | ||
| 100 | _aAnant, T.C.A. | ||
| 245 | _aRevisiting labour market regulation | ||
| 260 | _c2009 | ||
| 300 | _ap.195-202. | ||
| 362 | _aApr-Jun | ||
| 650 | _aLabour market | ||
| 773 | _aIndian Journal of Labour Economics | ||
| 908 | _aN | ||
| 909 | _a85355 | ||
| 999 |
_c85355 _d85355 |
||